000 00675nam a2200289Ia 4500
005 20260324111315.0
008 008 260324s9999 xx 000 0 eng d
020 _a9781003535539
037 _aEBOOK
040 _aCRL
040 _beng
040 _cCRL
041 _2eng
041 _aeng
084 _qCRL
100 _aYe Li
_91138011
245 0 _aMum Fans
245 0 _bIdentity, Feminism and Fan Culture in Contemporary China
260 _bTaylor and Francis
260 _c2025
365 _a
365 _b230
856 _uhttp://www.taylorfrancis.com/books/9781003535539
942 _cEBOOK
999 _c1726791
_d1726791